| 000 | 00535cam a2200157u 4500 | ||
|---|---|---|---|
| 082 |
_a962.04 _bMAU |
||
| 110 | 1 |
_aGreat Britain. _939715 |
|
| 245 | 1 | 0 | _aMilitary history of the campaign of 1882 in Egypt. |
| 260 |
_aLondon, _bPrinted for H. M. Stationery off., by Harrison and sons _c[1887] |
||
| 300 |
_avi, 216 p. _bfold. maps, fold. plans. _c25 cm. |
||
| 526 |
_a0 _b0 _c0 _d962_040000000000000_MAU |
||
| 650 | 0 |
_aAnglo-Egyptian War, 1882. _950215 |
|
| 650 | 0 |
_aMCE _9379 |
|
| 700 | 1 |
_aMaurice, John Frederick, _949380 |
|
| 942 |
_2ddc _cBK |
||
| 999 |
_c552937 _d552937 |
||